|
|
|
|
| LEADER |
00000ny a22000003n 4500 |
| 005 |
2011051200260.0 |
| 008 |
A10218c19uu sp qx p 0 a0spa d |
| 022 |
|
|
|a 1139-4978
|
| 035 |
|
|
|a 40
|
| 040 |
|
|
|a BUS
|d vLex
|
| 090 |
|
|
|c 1789
|d 1789
|
| 245 |
0 |
0 |
|a Revista de derecho urbans̕tico y medio ambiente
|h [Recurso electrn̤ico]
|
| 256 |
|
|
|a Servicio en ln̕ea
|
| 260 |
|
|
|a Madrid :
|b Rdu,
|
| 310 |
|
|
|a Cinco nm︢eros al aǫ
|
| 506 |
1 |
|
|a Contenido solo disponible en los productos indicados
|d vLex Global
|d vLex Global (Academic Edition, excluding Law Schools)
|d vLex Global (U.S. Academic Edition, Law Schools)
|d vLex Global (U.S. Academic Edition, excluding Law Schools)
|d vLex Global (Academic Edition, Law Schools)
|
| 650 |
0 |
7 |
|a Urbanizaciones
|2 Tesauro vLex
|
| 650 |
0 |
7 |
|a Inmobiliario y registral
|2 Tesauro vLex
|
| 650 |
0 |
7 |
|a Ambiental
|2 Tesauro vLex
|
| 650 |
0 |
7 |
|a Derecho urbans̕tico
|2 Tesauro vLex
|
| 650 |
0 |
7 |
|a Medio ambiente
|2 Tesauro vLex
|
| 650 |
0 |
7 |
|a Derecho al medio ambiente
|2 Tesauro vLex
|
| 740 |
0 |
|
|a vLex Revista (Servicios en ln̕ea)
|
| 843 |
|
|
|a Electrn̤ica. Abierta
|
| 853 |
|
|
|8 1
|i (year)
|j (month)
|k (day)
|
| 856 |
4 |
0 |
|u http://vlex.com/source/40
|z Acceso restringido
|
| 942 |
|
|
|c REV
|